Culture Générale - Série 471 - Statistiques

Statistiques générales
  • Ce quiz a été pris 186 fois
  • Le résultat moyen est 5 sur 10
Statistiques - réponses
Question Réponse % Correct
Combien de journées "glorieuses" suffisent à renverser Charles 10 en 1830 ? 3
93%
Quel groupe de rock tient son nom du sigle : "courant alternatif/courant continu" en anglais ? AC/DC
78%
Dans quel pays se trouve la Grande Armée napoléonienne quand elle bat en retraite en 1812 ? Russie
76%
En 1872, qui peint "Impression, soleil levant", tableau à l'origine de l'impressionisme ? Claude Monet
72%
Quel inventeur américain est à l'origine du phonographe et de la lampe à incandescence ? Thomas Edison
59%
Quel adjectif qualifie tout corps qui ne conduit pas du tout, ou mal, l'électricité ? Isolant
48%
De quelle pièce de Molière cette phrase est-elle tirée "Belle marquise vos beaux yeux me font mourir d'amour" ? Le bourgeois gentilhomme
44%
En quelle année l'esclavage est‐il définitivement aboli dans les colonies françaises ? 1848
33%
Sur l'estuaire de quel fleuve côtier français se trouve la première usine marémotrice au monde ? Rance
20%
Qui chante "Les Filles électriques" en 1993 ? Alain Souchon
6%
Aucun quiz correspondant
Distribution des résultats
% des personnes avec chaque résultat
Percentile par nombre de réponses
Votre historique - résultats
Vous n’avez pas pris ce quiz